UM Logo

Multistage state of health estimation of lithium-ion battery with high tolerance to heavily partial charging / (Record no. 19505)

MARC details
000 -LEADER
fixed length control field 01049nam a22002417a 4500
003 - CONTROL NUMBER IDENTIFIER
control field OSt
005 - DATE AND TIME OF LATEST TRANSACTION
control field 20250923101045.0
008 - FIXED-LENGTH DATA ELEMENTS--GENERAL INFORMATION
fixed length control field 240301b ||||| |||| 00| 0 eng d
040 ## - CATALOGING SOURCE
Transcribing agency 0
082 ## - DEWEY DECIMAL CLASSIFICATION NUMBER
Classification number DPer 621.317 Ie21 June 2022 v. 37 n. 6
100 ## - MAIN ENTRY--PERSONAL NAME
Personal name Wei, Zhongbao.
Relator term author.
9 (RLIN) 53918
245 ## - TITLE STATEMENT
Title Multistage state of health estimation of lithium-ion battery with high tolerance to heavily partial charging /
Statement of responsibility, etc. Zhongbao Wei, Haokai Ruan, Yang Li, Jianwei Li, Caizhi Zhang, and Hongwen He.
260 ## - PUBLICATION, DISTRIBUTION, ETC. (IMPRINT)
Place of publication, distribution, etc. New York ;
Name of publisher, distributor, etc. The Institute of Electrical and Electronics Engineers, Inc. ,
Date of publication, distribution, etc. June 2022.
300 ## - PHYSICAL DESCRIPTION
Extent Volume 37, pages 7432-7442 :
Other physical details illustration ;
Dimensions 29 cm.
500 ## - GENERAL NOTE
General note IEEE Transactions on Power Electronics, vol. 37, no. 6, pages 7432-7442, June 2022.
700 ## - ADDED ENTRY--PERSONAL NAME
Personal name Wei, Zhongbao.
Relator term author.
9 (RLIN) 53918
700 ## - ADDED ENTRY--PERSONAL NAME
Personal name Ruan, Haokai.
Relator term author.
9 (RLIN) 53919
700 ## - ADDED ENTRY--PERSONAL NAME
Personal name Li, Yang.
Relator term author.
9 (RLIN) 53920
700 ## - ADDED ENTRY--PERSONAL NAME
Personal name Li, Jianwei.
Relator term author.
9 (RLIN) 53921
700 ## - ADDED ENTRY--PERSONAL NAME
Personal name Zhang, Caizhi.
Relator term author.
9 (RLIN) 53922
700 ## - ADDED ENTRY--PERSONAL NAME
Personal name He, Hongwen.
Relator term author.
9 (RLIN) 53923
942 ## - ADDED ENTRY ELEMENTS (KOHA)
Source of classification or shelving scheme Dewey Decimal Classification
Koha item type Periodicals
Holdings
Withdrawn status Lost status Source of classification or shelving scheme Damaged status Not for loan Collection code Home library Current library Date acquired Total Checkouts Full call number Date last seen Price effective from Koha item type Public note
    Dewey Decimal Classification     Periodicals UM Digos College - LIC UM Digos College - LIC 03/01/2024   DPer 621.317 Ie21 June 2022 v.37 n. 6 03/01/2024 03/01/2024 Periodicals Periodical Article